Los niños de Campeche cantan y juegan (Record no. 11068)
[ view plain ]
| 000 -CABECERA | |
|---|---|
| campo de control de longitud fija | 01579nam a22003857a 4500 |
| 001 - NÚMERO DE CONTROL | |
| campo de control | BRCA_9356 |
| 003 - IDENTIFICADOR DEL NÚMERO DE CONTROL | |
| campo de control | FranzMayer |
| 005 - FECHA Y HORA DE LA ÚLTIMA TRANSACCIÓN | |
| campo de control | 20230918111945.0 |
| 008 - DATOS DE LONGITUD FIJA--INFORMACIÓN GENERAL | |
| campo de control de longitud fija | 230918b |||||||| |||| 00| 0 eng d |
| 040 ## - FUENTE DE LA CATALOGACIÓN | |
| Centro catalogador/agencia de origen | MFM |
| Lengua de catalogación | ESPAÑOL |
| Centro/agencia transcriptor | MFM |
| 050 #0 - SIGNATURA TOPOGRÁFICA DE LA BIBLIOTECA DEL CONGRESO | |
| Número de clasificación | PQ6075 |
| Número de documento/Ítem | G63 1978 |
| 110 1# - ENTRADA PRINCIPAL--NOMBRE DE ENTIDAD CORPORATIVA | |
| Código de función/relación | Responsable |
| Nombre de entidad corporativa o nombre de jurisdicción como elemento de entrada | Gobierno del estado de Campeche |
| Unidad subordinada | Dirreción general de cultura popular y secretaria de educación publica |
| 9 (RLIN) | 29830 |
| 240 ## - TÍTULO UNIFORME | |
| Título uniforme | Los niños de Campeche cantan y juegan |
| Lenguaje de la obra | Español |
| 245 0# - MENCIÓN DE TÍTULO | |
| Título | Los niños de Campeche cantan y juegan |
| 260 ## - PUBLICACIÓN, DISTRIBUCIÓN, ETC. | |
| Lugar de publicación, distribución, etc. | México |
| Nombre del editor, distribuidor, etc. | SEP |
| Fecha de publicación, distribución, etc. | 1978 |
| 300 ## - DESCRIPCIÓN FÍSICA | |
| Extensión | 79 p |
| Otras características físicas | Ilustraciones a color |
| Dimensiones | 20 cm |
| 505 ## - NOTA DE CONTENIDO CON FORMATO | |
| Nota de contenido con formato | Texto en: españolIncluye índice temáticoIncluye presentaciónDirigido a; poetas y músicos |
| 650 1# - PUNTO DE ACCESO ADICIONAL DE MATERIA--TÉRMINO DE MATERIA | |
| Fuente del encabezamiento o término | Poesía |
| Término de materia o nombre geográfico como elemento de entrada | Poesía en español |
| Subdivisión de forma | Poesía musical |
| 9 (RLIN) | 29831 |
| 651 2# - PUNTO DE ACCESO ADICIONAL DE MATERIA--NOMBRE GEOGRÁFICO | |
| Fuente del encabezamiento o término | México |
| Nombre geográfico | Campeche |
| Subdivisión de forma | Poemas mexicanos |
| 9 (RLIN) | 29832 |
| 700 1# - PUNTO DE ACCESO ADICIONAL--NOMBRE DE PERSONA | |
| Código de función/relación | Recop. |
| Nombre de persona | Moedano, Gabriel |
| 9 (RLIN) | 29833 |
| 700 1# - PUNTO DE ACCESO ADICIONAL--NOMBRE DE PERSONA | |
| Código de función/relación | Recop. |
| Nombre de persona | Reuter, Jas |
| 9 (RLIN) | 29834 |
| 700 1# - PUNTO DE ACCESO ADICIONAL--NOMBRE DE PERSONA | |
| Código de función/relación | Recop. |
| Nombre de persona | Schffler, Liliana |
| 9 (RLIN) | 29835 |
| 700 1# - PUNTO DE ACCESO ADICIONAL--NOMBRE DE PERSONA | |
| Código de función/relación | Ilus. |
| Nombre de persona | Templeton, Rini |
| 9 (RLIN) | 29836 |
| 700 1# - PUNTO DE ACCESO ADICIONAL--NOMBRE DE PERSONA | |
| Código de función/relación | Diseño |
| Nombre de persona | Martín Juez, Fernando |
| 9 (RLIN) | 29837 |
| 700 1# - PUNTO DE ACCESO ADICIONAL--NOMBRE DE PERSONA | |
| Código de función/relación | Director |
| Nombre de persona | Reuter, Jas |
| 9 (RLIN) | 29834 |
| 700 1# - PUNTO DE ACCESO ADICIONAL--NOMBRE DE PERSONA | |
| Código de función/relación | Col. |
| Nombre de persona | Rodriguez Barrera, Rafael |
| 9 (RLIN) | 29838 |
| 700 1# - PUNTO DE ACCESO ADICIONAL--NOMBRE DE PERSONA | |
| Código de función/relación | Col. |
| Nombre de persona | Rodriguez Barrera, Socorro |
| 9 (RLIN) | 29839 |
| 700 1# - PUNTO DE ACCESO ADICIONAL--NOMBRE DE PERSONA | |
| Código de función/relación | Col |
| Nombre de persona | Escalante y Escalante, Enrique |
| 9 (RLIN) | 29840 |
| 700 1# - PUNTO DE ACCESO ADICIONAL--NOMBRE DE PERSONA | |
| Código de función/relación | Col. |
| Nombre de persona | Rodríguez Lara, Francisco |
| 9 (RLIN) | 29841 |
| 700 1# - PUNTO DE ACCESO ADICIONAL--NOMBRE DE PERSONA | |
| Código de función/relación | Col |
| Nombre de persona | Lara de Rullán, Rosa María |
| 9 (RLIN) | 29842 |
| 700 1# - PUNTO DE ACCESO ADICIONAL--NOMBRE DE PERSONA | |
| Código de función/relación | Col |
| Nombre de persona | Brito Herrera, Gonzalo |
| 9 (RLIN) | 29843 |
| 700 1# - PUNTO DE ACCESO ADICIONAL--NOMBRE DE PERSONA | |
| Código de función/relación | Col. |
| Nombre de persona | Mijangos, Sofía |
| 9 (RLIN) | 29844 |
| 700 1# - PUNTO DE ACCESO ADICIONAL--NOMBRE DE PERSONA | |
| Código de función/relación | Col. |
| Nombre de persona | Solana, Fernardo |
| 9 (RLIN) | 29845 |
| 942 ## - ELEMENTOS DE PUNTO DE ACCESO ADICIONAL (KOHA) | |
| Fuente del sistema de clasificación o colocación | Library of Congress Classification |
| Tipo de ítem Koha | Libros |
| Estado de retiro | Estado de pérdida | Fuente del sistema de clasificación o colocación | Estado dañado | No para préstamo | Código de colección | Localización permanente | Ubicación/localización actual | Fecha de adquisición | Total de préstamos | Signatura topográfica completa | Código de barras | Fecha visto por última vez | Precio válido a partir de | Tipo de ítem Koha |
|---|---|---|---|---|---|---|---|---|---|---|---|---|---|---|
| El ejemplar forma parte de la colección y puede ser consultado según las políticas vigentes. | Library of Congress Classification | Fondo Contemporáneo | Biblioteca del Museo Franz Mayer (Rogerio Casas-Alatriste) | Biblioteca del Museo Franz Mayer (Rogerio Casas-Alatriste) | 18/09/2023 | PQ6075 G63 1978 | CONT10222 | 18/09/2023 | 18/09/2023 | Libros |